000 00991nam a2200337 4500
001 00185
003 DO-SdBNP
005 20240417105752.0
007 00185
008 870306s2008 mx f 000 spa
017 _a
_b
020 _a9789708120036
035 _a
040 _aBPMSU
_bspa
_cBPMSU
_e
080 0 _a
082 4 _aPe863.44
_bV297p, 2008
_2 22
100 1 _aVargas Llosa, Mario,
_d1936-
_915
245 1 0 _aPantaleón y las visitadoras /
_cMario Vargas Llosa
_h
250 _a4a. ed.
260 _aMadrid :
_bSantillana Ediciones Generles,
_c2008
300 _a346 p. ;
_c21 cm
490 0 _aPunto de lectura,
_aNarrativa
_v4/2
500 _aIncluye datos biográficos del autor en la contracubierta
586 _aPremio Nobel de Literatura 2010
590 _aInventariado, 2024/VM
650 4 _aNovela Peruana
650 4 _aLiteratura peruana
650 4 _aProstitución
_vNovela
910 _aVMateo V. Control de calidad. BPMSU
942 _2ddc
_cBK
999 _c10746
_d10746